000 01203nam a2200241 4500
001 96610
003 ES-MaACL
005 20260327151645.0
007 t|
008 050628s1919 sp ||||1| spa d
100 1 _aMaldonado, Luis,
_d1860-1926
_9143126
245 1 0 _aOración inaugural del curso de 1919 a 1920 en la Universidad de Salamanca /
_cLuis Maldonado.
260 _aSalamanca :
_bImp. y Lib. de Francisco Núñez Izquierdo,
_c1919.
300 _a38 p., 1 lám. ;
_c31 cm.
594 _aTema: Elogio de los sres. doctores del… Claustro de la Universidad de Salamanca: don Salvador Cuesta Martín...; don Federico Brusi y Crespo...; don Antonio Díez González...; noticia necrológica de don Indalecio Cuesta Martín...; necrología de don Pedro García Dorado y Montero.
599 _aLám.: retr. de Pedro García Dorado y Montero.
610 0 0 _aUniversidad de Salamanca.
_97275
650 4 _aProfesores universitarios-
_zEspaña.
_9139944
852 _aES-MaACL
_j1536-F-15
_9100183
_cDEPOF
_zRevisado enlace: 27 de Marzo de 2025.
856 4 _uhttp://bdh-rd.bne.es/viewer.vm?id=0000047689&page=1
_yBiblioteca Digital Hispánica
942 _2udc
999 _c96610
_d96610